ბათუმის შოთა რუსთაველის სახელმწიფო უნივერსიტეტის ბიბლიოთეკა

Биологический распад и ресинтез органических веществ в природе (ბიბ.ჩანაწერი № 45519)

000 -LEADER
fixed length control field 00833nam a2200217Ia 4500
001 - CONTROL NUMBER
control field 12344
003 - CONTROL NUMBER IDENTIFIER
control field GE_BSU
008 - FIXED-LENGTH DATA ELEMENTS--GENERAL INFORMATION
fixed length control field 181216s||||||||xx |||||||||||||| ||und||
040 ## - CATALOGING SOURCE
Transcribing agency GE_BSU
080 ## - UNIVERSAL DECIMAL CLASSIFICATION NUMBER
Universal Decimal Classification number 581
100 ## - MAIN ENTRY--PERSONAL NAME
Personal name Частухин,В.Я. Николаевская,М.А.
245 ## - TITLE STATEMENT
Title Биологический распад и ресинтез органических веществ в природе
245 ## - TITLE STATEMENT
Remainder of title Эколого-систематические и физиологические исследования
260 ## - PUBLICATION, DISTRIBUTION, ETC.
Place of publication, distribution, etc. Ленинград
260 ## - PUBLICATION, DISTRIBUTION, ETC.
Name of publisher, distributor, etc. Наука
260 ## - PUBLICATION, DISTRIBUTION, ETC.
Date of publication, distribution, etc. 1969
300 ## - PHYSICAL DESCRIPTION
Extent 323стр.илл.27см.
653 ## - INDEX TERM--UNCONTROLLED
Uncontrolled term Биологический распад и ресинтез органических веществ в природе
653 ## - INDEX TERM--UNCONTROLLED
Uncontrolled term ბიოლოგია
942 ## - ADDED ENTRY ELEMENTS (KOHA)
Koha item type წიგნი
ეგზემპლარები
Withdrawn status Lost status Damaged status Not for loan Date acquired Barcode Date last seen Price effective from Koha item type
        2018-12-17 20490 2018-12-17 2018-12-17 წიგნი